| 000 | 00547nam a2200181Ia 4500 | ||
|---|---|---|---|
| 008 | 100920s9999 xx 000 0 und d | ||
| 082 |
_b59916 _a891.463.1 0 |
||
| 100 | _aखांडेकर वि.स. | ||
| 245 | _aरिकामा देव्हारा. | ||
| 260 |
_b--- _c0 |
||
| 300 |
_a174 _bसाधी |
||
| 365 | _b65 | ||
| 520 | _aलघुकथा. | ||
| 630 | _aरिकामा देव्हारा. | ||
| 650 | _aलघुकथा. | ||
| 730 | _aरिकामा देव्हारा. | ||
| 942 | _cBOOK | ||
| 999 |
_c703261 _d703258 |
||